| 000 | 01124cab a2200289 4500 | ||
|---|---|---|---|
| 001 | ABS37203 | ||
| 008 | 090401t1986 xxu||||| |||| 00| 0 eng d | ||
| 035 | _a(Sirsi) u2829 | ||
| 041 | _aeng | ||
| 100 | _aHamilton, R.N.D. | ||
| 245 | _aHousing and Planning Act 1986 - 1,2 | ||
| 260 | _c1986 | ||
| 350 | _a0 | ||
| 490 |
_aSolicitors` Journal _v130(49) 5 December 1986,906-908 |
||
| 520 | _aA guide to the provisions of the Housing and Planning Act 1986 ,which came into operation on 7 November 1986. The first part highlights changes affecting housing including right to buy , assured tenancies and leasehold enfranchisement . The second part highlights changes made to planning procedures the introduction of simplified planning zones , listed buildings and church buildings . | ||
| 650 | _aHAZARDOUS SUBSTANCES | ||
| 650 | _aHOMELESSNESS | ||
| 650 | _aNEW TOWNS | ||
| 650 | _aOPENCAST COAL MINING | ||
| 650 | _aREDEVELOPMENT | ||
| 650 | _aSALE OF ESTATES | ||
| 650 | _aSHARED OWNERSHIP | ||
| 650 | _aURBAN REGENERATION GRANTS | ||
| 690 |
_aBlock management _96220 |
||
| 942 | _n0 | ||
| 948 | _c04/03/1997 | ||
| 999 |
_c1701 _d1701 |
||